000 00214 a2200109 4500
020 _a9780099416173
041 _aeng
100 _aGrisham,John
245 _aThe King of Torts
942 _cBK
952 _71
_xFiccion
999 _c25783
_d25783